Order the Country Size - Statistics

General Stats
  • This quiz has been taken 229 times
  • The average score is 25 of 196
Answer Stats
Size Answer % Correct
Biggest Russia
100%
Canada
96%
China
92%
Brazil
89%
United States
89%
Australia
70%
India
68%
Argentina
60%
Kazakhstan
58%
10th Algeria
51%
Democratic Republic of the Congo
45%
Mexico
42%
Saudi Arabia
42%
Indonesia
36%
Smallest Vatican City
36%
Iran
34%
Mongolia
34%
Libya
32%
Sudan
32%
20th Chad
28%
Peru
28%
Monaco
25%
Bolivia
23%
Colombia
23%
Ethiopia
23%
Mali
23%
Niger
23%
Angola
21%
Egypt
21%
Mauritania
21%
Namibia
21%
Pakistan
21%
San Marino
21%
Venezuela
21%
Mozambique
19%
South Africa
19%
30th Tanzania
19%
Turkey
19%
Chile
17%
Myanmar
17%
Nauru
17%
Nigeria
17%
Zambia
17%
40th Afghanistan
15%
Kenya
15%
Somalia
15%
Tuvalu
15%
Ukraine
15%
Yemen
15%
Botswana
13%
Central African Republic
13%
France
13%
Iraq
13%
Liechtenstein
13%
Norway
13%
South Sudan
13%
Spain
13%
Sweden
13%
50th Thailand
13%
Turkmenistan
13%
Uzbekistan
13%
Finland
11%
Germany
11%
Grenada
11%
Madagascar
11%
Malaysia
11%
Oman
11%
Philippines
11%
60th Zimbabwe
11%
180th Andorra
9%
Cameroon
9%
70th Poland
9%
Morocco
9%
Papua New Guinea
9%
Paraguay
9%
Saint Kitts and Nevis
9%
Saint Vincent and the Grenadines
9%
Singapore
9%
Antigua and Barbuda
8%
80th Ghana
8%
Italy
8%
Ivory Coast
8%
Japan
8%
Maldives
8%
Malta
8%
190th Marshall Islands
8%
Palau
8%
Republic of the Congo
8%
Romania
8%
Saint Lucia
8%
Tonga
8%
United Kingdom
8%
Vietnam
8%
Bahrain
6%
Bangladesh
6%
Barbados
6%
Bhutan
6%
Brunei
6%
Cape Verde
6%
Comoros
6%
Dominica
6%
Guinea
6%
Guyana
6%
Haiti
6%
Kiribati
6%
170th Mauritius
6%
Micronesia
6%
New Zealand
6%
Samoa
6%
Sao Tome and Principe
6%
Senegal
6%
Seychelles
6%
90th Suriname
6%
Switzerland
6%
Syria
6%
Taiwan
6%
Trinidad and Tobago
6%
Uganda
6%
Armenia
4%
Azerbaijan
4%
Bahamas
4%
Belarus
4%
Belgium
4%
Bulgaria
4%
Cuba
4%
Cyprus
4%
Czech Republic
4%
130th Denmark
4%
Dominican Republic
4%
Ecuador
4%
Estonia
4%
Fiji
4%
Gabon
4%
Georgia
4%
Greece
4%
Guatemala
4%
Hungary
4%
Iceland
4%
Ireland
4%
Kuwait
4%
Kyrgyzstan
4%
Laos
4%
Lesotho
4%
Netherlands
4%
Qatar
4%
South Korea
4%
Tajikistan
4%
Timor-Leste
4%
United Arab Emirates
4%
Uruguay
4%
Vanuatu
4%
Austria
2%
Belize
2%
100th Benin
2%
Burundi
2%
Cambodia
2%
Eswatini
2%
Guinea-Bissau
2%
Honduras
2%
Jamaica
2%
160th Kosovo
2%
Latvia
2%
Lithuania
2%
Luxembourg
2%
Malawi
2%
Moldova
2%
Montenegro
2%
Nepal
2%
North Korea
2%
Portugal
2%
Rwanda
2%
Serbia
2%
Slovakia
2%
140th Solomon Islands
2%
120th Sri Lanka
2%
Togo
2%
Tunisia
2%
Albania
0%
Bosnia and Herzegovina
0%
Burkina Faso
0%
Costa Rica
0%
Croatia
0%
Djibouti
0%
El Salvador
0%
Equatorial Guinea
0%
Eritrea
0%
Gambia
0%
150th Israel
0%
110th Jordan
0%
Lebanon
0%
Liberia
0%
Nicaragua
0%
North Macedonia
0%
Panama
0%
Sierra Leone
0%
Slovenia
0%
No matching quizzes found
Score Distribution
Percent of People with Each Score
Percentile by Number Answered
Your Score History
You have not taken this quiz